Hooked : how to build habit-forming products.
| Main Author: | |
|---|---|
| Format: | Book |
| Published: |
New York:
Portfolio/Penguin,
2014.
|
| Subjects: |
| LEADER | 00487cam a2200169 7i4500 | ||
|---|---|---|---|
| 001 | 0000032468 | ||
| 005 | 20150813090000.0 | ||
| 020 | 0 | 0 | |a 9781591847786 |
| 090 | 0 | 0 | |a B 658.575 |b EYA |
| 100 | 1 | 0 | |a Eyal, Nir |
| 245 | 1 | 0 | |a Hooked : |b how to build habit-forming products. |
| 260 | 0 | 0 | |a New York: |b Portfolio/Penguin, |c 2014. |
| 300 | # | # | |a 242 pages. |
| 650 | 0 | 0 | |a Consumer behavior |
| 650 | 0 | 0 | |a Consumers' preferences |
| 650 | 0 | 0 | |a New products |
| 999 | |a B000036358 |b Book |c Book |e Business Information Centre | ||


